| 000 | 02515nam a22003857a 4500 | ||
|---|---|---|---|
| 001 | 101329 | ||
| 003 | KnowledgeUnlatched | ||
| 005 | 20210303105223.0 | ||
| 006 | m o d | ||
| 007 | cr u|||||||||| | ||
| 008 | 210129p20172019ne o u00| u eng d | ||
| 037 | _5BiblioBoard | ||
| 245 | 0 | 0 |
_aReligion and Nationalism in Chinese Societies _cC. T. Kuo. |
| 020 | _a9789048535057 | ||
| 024 | 8 | _ahttps://doi.org/10.5117/9789462984394 | |
| 029 | 1 | _ahttps://library.biblioboard.com/ext/api/media/3160d1d5-8289-45e0-b9cc-28975cdfc675/assets/thumbnail.jpg | |
| 040 |
_aScCtBLL _cScCtBLL |
||
| 506 | 0 |
_aAccess copy available to the general public. _fUnrestricted _2star |
|
| 700 | 1 |
_aKuo, C. T. _eeditor. |
|
| 264 | 1 | _bAmsterdam University Press, | |
| 300 | _a1 online resource (428 p.) | ||
| 490 | 1 | _aReligion and Society in Asia | |
| 520 | _aReligion and Nationalism in Chinese Societies explores the interaction between religion and nationalism in the Chinese societies of mainland China, Taiwan and Hong Kong. On the one hand, state policies toward religions in these societies are deciphered and their implications for religious freedom and regional stability are evaluated. On the other hand, Chinese Buddhism, Tibetan Buddhism, Daoism, Christianity, Islam and folk religions are respectively analyzed in terms of their theological, organizational and political responses to the nationalist modernity projects of these states. What is new in this book on Religion and Nationalism in Chinese Societies is that the Chinese state has strengthened its control over religion to an unprecedented level. In particular, the Chinese state has almost completed its construction of a state religion called Chinese Patriotism. But at the same time, what is also new is the emergence of democratic civil religions in these Chinese societies. | ||
| 588 | 0 | _aDescription based on print version record. | |
| 590 | _aKU Select 2017: Front list Collection | ||
| 650 | 7 |
_aReligion / Theology _2bisacsh |
|
| 650 | 0 | _aReligion | |
| 655 | 0 | _aElectronic books. | |
| 758 |
_iIs found in: _aKnowledge Unlatched _1https://openresearchlibrary.org/module/2774bc74-146a-484f-a7ba-ab1d6a09bbfb |
||
| 830 | 0 | _aReligion and Society in Asia | |
| 856 | 4 | 0 |
_uhttps://openresearchlibrary.org/content/3160d1d5-8289-45e0-b9cc-28975cdfc675 _zView this content on Open Research Library. _70 |
| 999 |
_c25468 _d25468 |
||